Datum a čas kvízu
39.5
Celkem bodů
Celkový počet nahraných bodů na tomto kvízu bez doplňovacích otázek.
4.
Pořadí na kvízu
Konečné umístění týmu na tomto kvízu.
Zaznamenané odpovědi
| # | Otázka | Odpověď | Body | Výsledky |
|---|---|---|---|---|
| 1. | Která 43letá sólová a muzikálo... | Michaela Nosková | 1 | |
| 2. | Kterému fenoménu je věnovaný w... | UFO | 1 | |
| 3. | V pondělí se opět konala benef... | Heidi Klum | 1 | |
| 4. | V úterý večer zastavila na Pro... | B) policejní Škoda Forman z 90. let | 1 | |
| 5. | Kapitán stříbrných hokejistů d... | Washington Capitals | 0 | |
| 6. | Téma začneme jednou z nejoblíb... | Matěj Kotrba | 0.5 | |
| 7. | V roce 2019 jsme mohli v kinec... | Bitva u Midway (v originále Midway) | 0 | |
| 8. | Který herec si zahrál Hektóra,... | Eric Bana | 0 | |
| 9. | Půl bodu obdržíte za název fil... | Amadeus; Miloš Forman | 1 | |
| 10. | Který režisér je podepsán pod... | C | 1 |